Swapped Country Search Quiz Stats

 Plays Quiz Updated Nov 29, 2013

Also try: Creator of Words!
Challenge
Share
Tweet
Score 0/30 Timer 03:00
0 Plays Today
% Correct
Grance
84.6%
Qaiti
82.5%
Kemen
81.9%
Jibya
81.5%
Usrael
80.7%
Himbabwe
80.1%
Tweden
80.1%
Janama
78.5%
Bamaica
77.7%
Buwait
77.6%
Tinland
77.5%
Vacedonia
76.7%
Irgentina
76.2%
Groatia
76%
Tuxembourg
75.7%
% Correct
Losta Rica
75.6%
Pongolia
74.2%
Bambodia
73.9%
Elbania
73.7%
Mouth Korea
73.6%
Sigeria
73.1%
Nyrgyzstan
73.1%
Lalawi
72.7%
Danzania
72.3%
Sabon
71.8%
Betherlands
71.1%
Tuinea-Bissau
69%
Klovenia
67.9%
Ponga
67.2%
Bauru
58%

You're not logged in!

Compare scores with friends on all Sporcle quizzes.
Join for Free
OR
Log In

You Might Also Like...

Show Comments

Extras

Top Quizzes Today


Score Distribution

Your Account Isn't Verified!

In order to create a playlist on Sporcle, you need to verify the email address you used during registration. Go to your Sporcle Settings to finish the process.

Report this User

Report this user for behavior that violates our Community Guidelines.

Details: